Judaism in Christian eyes : ethnographic descriptions of Jews and Judaism in early modern Europe

Αποθηκεύτηκε σε:
Λεπτομέρειες βιβλιογραφικής εγγραφής
Κύριος συγγραφέας: Deutsch, Yaacov
Άλλοι συγγραφείς: Aronsky, Avi (Μεταφραστής)
Μορφή: Βιβλίο
Γλώσσα:English
Hebrew
Δημοσίευση: Oxford ; Oxford University Press, 2011.
Θέματα:
Ετικέτες: Προσθήκη ετικέτας
Δεν υπάρχουν, Καταχωρήστε ετικέτα πρώτοι!

MARC

LEADER 00000cam a2200000 a 4500
001 1/112483
008 161205s2011####enka ||| |||| ||eng||
020 |a 9780199756537  
040 |a GR-MyUa  |b gre  |c GR-MyUa  |e AACR2 
041 1 |a eng  |h heb 
082 7 |a 261.26   |2 (23)  
100 1 |a Deutsch, Yaacov. 
245 1 0 |a Judaism in Christian eyes :   |b ethnographic descriptions of Jews and Judaism in early modern Europe /   |c by Yaacov Deutsch ; translated from Hebrew by Avi Aronsky.  
260 |a Oxford ;   |b Oxford University Press,   |c 2011.  
300 |a xi, 304 σ. :   |b εικ. ;   |c 24 εκ.  
504 |a Περιλαμβάνει βιβλιογραφία (σ. [259]-296) και ευρετήριο.  
650 0 |a Christianity and other religions  |x Judaism. 
650 0 |a Judaism  |x Relations  |x Christianity. 
650 0 |a Ethnology  |x Religious aspects  |x Christianity. 
650 0 |a Jews  |z Europe  |x History. 
700 1 |a Aronsky, Avi,  |e trl 
852 |a INST  |b LESVOS  |e 20161205  |h 261.26 DEU  |p 005100058207  |q 005100058207  |t BK  |y 0 
970 |a Τζαφέρη  |b Ευαγγελία  |z 05-12-2016